[Event "T-Director's Swiss sytem"]
[Site "playchess.com #662980"]
[Date "2014.03.16"]
[Round "3"]
[White "Haapana"]
[Black "Laxman"]
[Result "0-1"]
[WhiteElo "2117"]
[BlackElo "2574"]
[PlyCount "110"]
[EventDate "2014.03.16"]
[EventType "swiss (blitz)"]

1. d4 {[%emt 0:00:06]} Nf6 {[%emt 0:00:02]} 2. Bg5 {[%emt 0:00:07]} e6 {[%emt
0:00:01]} 3. e4 {[%emt 0:00:02]} h6 {[%emt 0:00:01]} 4. Bxf6 {[%emt 0:00:02]}
Qxf6 {[%emt 0:00:00]} 5. Nf3 {[%emt 0:00:15]} d5 {[%emt 0:00:05]} 6. e5 {[%emt
0:00:05]} Qe7 {[%emt 0:00:03]} 7. c3 {[%emt 0:00:04]} g6 {[%emt 0:00:02]} 8.
Bd3 {[%emt 0:00:04]} Bg7 {[%emt 0:00:01]} 9. O-O {[%emt 0:00:03]} O-O {[%emt 0:
00:01]} 10. Na3 {[%emt 0:00:36]} b6 {[%emt 0:00:08]} 11. Re1 {[%emt 0:00:05]}
Nd7 {[%emt 0:00:18]} 12. Nc2 {[%emt 0:00:05]} c5 {[%emt 0:00:01]} 13. a3 {
[%emt 0:00:05]} Bb7 {[%emt 0:00:07]} 14. Ne3 {[%emt 0:00:02]} a5 {[%emt 0:00:
06]} 15. Qd2 {[%emt 0:00:02]} c4 {[%emt 0:00:08]} 16. Bc2 {[%emt 0:00:05]} b5 {
[%emt 0:00:01]} 17. h4 {[%emt 0:00:21]} h5 {[%emt 0:00:08]} 18. Nf1 {[%emt 0:
00:16]} b4 {[%emt 0:00:19]} 19. axb4 {[%emt 0:00:09]} axb4 {[%emt 0:00:01]} 20.
cxb4 {[%emt 0:00:04]} Rfb8 {[%emt 0:00:04]} 21. Ra3 {[%emt 0:00:11]} Bf8 {
[%emt 0:00:18]} 22. Ng5 {[%emt 0:00:41]} Qxb4 {[%emt 0:00:11]} 23. Qf4 {[%emt
0:00:02]} Qe7 {[%emt 0:00:03]} 24. Rf3 {[%emt 0:00:02]} Bh6 {[%emt 0:00:11]}
25. Qxf7+ {[%emt 0:00:04]} Qxf7 {[%emt 0:00:01]} 26. Nxf7 {[%emt 0:00:01]} Kg7
{[%emt 0:00:16]} 27. Nd6 {[%emt 0:00:27]} Bc6 {[%emt 0:00:17] Laxman offers a
draw} 28. Rf7+ {[%emt 0:00:54]} Kg8 {[%emt 0:00:01]} 29. Bxg6 {[%emt 0:00:01]}
Nf8 {[%emt 0:00:11]} 30. Bxh5 {[%emt 0:00:16]} Rxb2 {[%emt 0:00:01]} 31. Ne3 {
[%emt 0:00:09]} Bg7 {[%emt 0:00:34]} 32. Ng4 {[%emt 0:00:04]} Nh7 {[%emt 0:01:
00] '} 33. Rc7 {[%emt 0:00:27]} Rb6 {[%emt 0:00:02]} 34. Bf7+ {[%emt 0:00:02]}
Kh8 {[%emt 0:00:01]} 35. Bxe6 {[%emt 0:00:01]} Nf8 {[%emt 0:00:01]} 36. Bf5 {
[%emt 0:00:02]} Be8 {[%emt 0:00:11]} 37. Re3 {[%emt 0:00:10]} Rb3 {[%emt 0:00:
08]} 38. Kh2 {[%emt 0:00:02]} Rxe3 {[%emt 0:00:02]} 39. Nxe3 {[%emt 0:00:01]}
Bg6 {[%emt 0:00:17]} 40. g4 {[%emt 0:00:02]} Ra5 {[%emt 0:00:08]} 41. h5 {
[%emt 0:00:02]} Bh7 {[%emt 0:00:06]} 42. Bxh7 {[%emt 0:00:03]} Kxh7 {[%emt 0:
00:02]} 43. Nef5 {[%emt 0:00:00]} Ne6 {[%emt 0:00:01]} 44. Re7 {[%emt 0:00:02]}
c3 {[%emt 0:00:01]} 45. Rxe6 {[%emt 0:00:02]} c2 {[%emt 0:00:00]} 46. Re7 {
[%emt 0:00:01]} Kg8 {[%emt 0:00:04]} 47. Rxg7+ {[%emt 0:00:01]} Kf8 {[%emt 0:
00:00]} 48. Rf7+ {[%emt 0:00:00]} Kg8 {[%emt 0:00:01]} 49. Ne7+ {[%emt 0:00:01]
} Kh8 {[%emt 0:00:01]} 50. Ng6+ {[%emt 0:00:01]} Kg8 {[%emt 0:00:00]} 51. Rc7 {
[%emt 0:00:01]} Ra2 {[%emt 0:00:02]} 52. Nf5 {[%emt 0:00:01]} c1=Q {[%emt 0:00:
03]} 53. Nh6+ {[%emt 0:00:02]} Qxh6 {[%emt 0:00:02]} 54. e6 {[%emt 0:00:02]}
Rxf2+ {[%emt 0:00:03]} 55. Kg3 {[%emt 0:00:01]} Qe3+ {[%emt 0:00:01] Haapana
resigns} 0-1

[Event "T-Director's Swiss sytem"]
[Site "playchess.com #662980"]
[Date "2014.03.16"]
[Round "4"]
[White "Hakem III"]
[Black "GDnp"]
[Result "1-0"]
[WhiteElo "1742"]
[BlackElo "1623"]
[PlyCount "73"]
[EventDate "2014.03.16"]
[EventType "swiss (blitz)"]

1. d4 {[%emt 0:00:01]} c5 {[%emt 0:00:05]} 2. d5 {[%emt 0:00:02]} e6 {[%emt 0:
00:02]} 3. c4 {[%emt 0:00:01]} Nf6 {[%emt 0:00:01]} 4. Nc3 {[%emt 0:00:02]} a6
{[%emt 0:00:01]} 5. e4 {[%emt 0:00:10]} exd5 {[%emt 0:00:03]} 6. cxd5 {[%emt 0:
00:06]} d6 {[%emt 0:00:03]} 7. a4 {[%emt 0:00:04]} g6 {[%emt 0:00:08]} 8. Bd3 {
[%emt 0:00:01]} Bg7 {[%emt 0:00:02]} 9. Nge2 {[%emt 0:00:01]} O-O {[%emt 0:00:
03]} 10. O-O {[%emt 0:00:02]} h6 {[%emt 0:00:02]} 11. Bf4 {[%emt 0:00:04]} Bg4
{[%emt 0:00:03]} 12. f3 {[%emt 0:00:02]} Bc8 {[%emt 0:00:03]} 13. Qd2 {[%emt 0:
00:27]} Kh7 {[%emt 0:00:04]} 14. a5 {[%emt 0:00:06]} Nh5 {[%emt 0:00:05]} 15.
Be3 {[%emt 0:00:02]} Nd7 {[%emt 0:00:06]} 16. Na4 {[%emt 0:00:18]} Ne5 {[%emt
0:00:22]} 17. Nb6 {[%emt 0:00:05]} Rb8 {[%emt 0:00:06]} 18. Bc2 {[%emt 0:00:05]
} Nd7 {[%emt 0:00:06]} 19. Nc4 {[%emt 0:00:06]} Ne5 {[%emt 0:00:05]} 20. Nxe5 {
[%emt 0:00:03]} dxe5 {[%emt 0:00:07]} 21. g4 {[%emt 0:00:18]} Nf6 {[%emt 0:00:
16]} 22. Bxc5 {[%emt 0:00:04]} Rh8 {[%emt 0:00:11]} 23. Bb6 {[%emt 0:00:28]}
Qd6 {[%emt 0:00:04]} 24. Qc3 {[%emt 0:00:18]} Ne8 {[%emt 0:00:27]} 25. Ba4 {
[%emt 0:00:21]} Bd7 {[%emt 0:00:17]} 26. Bc5 {[%emt 0:00:20]} Qc7 {[%emt 0:00:
17]} 27. Bb6 {[%emt 0:00:49]} Qd6 {[%emt 0:00:08]} 28. Bc5 {[%emt 0:00:01]} Qc7
{[%emt 0:00:03]} 29. Ba7 {[%emt 0:00:01]} Rc8 {[%emt 0:00:20]} 30. Qxc7 {[%emt
0:00:08]} Rxc7 {[%emt 0:00:01]} 31. Bb6 {[%emt 0:00:03]} Bxa4 {[%emt 0:00:15]}
32. Rxa4 {[%emt 0:00:06]} Rc2 {[%emt 0:00:12]} 33. Nc3 {[%emt 0:00:21]} Rxb2 {
[%emt 0:00:09]} 34. Rd1 {[%emt 0:00:01]} Nd6 {[%emt 0:00:03]} 35. Ra2 {[%emt 0:
00:09]} Rb3 {[%emt 0:00:38] .} 36. Rc2 {[%emt 0:00:42]} Rc8 {[%emt 0:00:10]}
37. Rdc1 {[%emt 0:00:33] Tiempo} 1-0

[Event "T-Director's Swiss sytem"]
[Site "playchess.com #662980"]
[Date "2014.03.16"]
[Round "5"]
[White "Hakem III"]
[Black "Kpakpa"]
[Result "1-0"]
[WhiteElo "1753"]
[BlackElo "1410"]
[PlyCount "61"]
[EventDate "2014.03.16"]
[EventType "swiss (blitz)"]

1. d4 {[%emt 0:00:06]} d5 {[%emt 0:00:24]} 2. c4 {[%emt 0:00:03]} dxc4 {[%emt
0:00:02]} 3. e4 {[%emt 0:00:01]} e5 {[%emt 0:00:01]} 4. Nf3 {[%emt 0:00:01]}
exd4 {[%emt 0:00:08]} 5. Qxd4 {[%emt 0:00:01]} Qxd4 {[%emt 0:00:02]} 6. Nxd4 {
[%emt 0:00:01]} Bc5 {[%emt 0:00:08]} 7. Nb5 {[%emt 0:00:01]} Bb6 {[%emt 0:00:
27]} 8. Bxc4 {[%emt 0:00:02]} Ne7 {[%emt 0:00:06]} 9. Bf4 {[%emt 0:00:17]} Na6
{[%emt 0:00:05]} 10. N1c3 {[%emt 0:00:07]} Bg4 {[%emt 0:00:05]} 11. O-O {[%emt
0:00:44]} O-O {[%emt 0:00:04]} 12. Kh1 {[%emt 0:00:07]} Be6 {[%emt 0:00:28]}
13. Be2 {[%emt 0:00:33]} Ng6 {[%emt 0:00:18]} 14. Bg3 {[%emt 0:00:09]} Rfd8 {
[%emt 0:00:12]} 15. f4 {[%emt 0:00:09]} Nf8 {[%emt 0:00:20]} 16. f5 {[%emt 0:
00:09]} Bd7 {[%emt 0:00:07]} 17. e5 {[%emt 0:00:16]} Rac8 {[%emt 0:00:36]} 18.
Bh4 {[%emt 0:01:11]} Re8 {[%emt 0:00:09]} 19. Rad1 {[%emt 0:00:25]} Rxe5 {
[%emt 0:00:10]} 20. f6 {[%emt 0:00:04]} Bxb5 {[%emt 0:00:14]} 21. Bxb5 {[%emt
0:00:05]} Ng6 {[%emt 0:00:13]} 22. Bg3 {[%emt 0:00:05]} Re6 {[%emt 0:00:21]}
23. fxg7 {[%emt 0:00:07] Kpakpa reconnected.} Kxg7 {[%emt 0:00:11]} 24. Bd7 {
[%emt 0:00:42]} Rce8 {[%emt 0:00:14]} 25. Bxe8 {[%emt 0:00:02]} Rxe8 {[%emt 0:
00:02]} 26. Nd5 {[%emt 0:00:01]} Be3 {[%emt 0:00:07]} 27. Nxe3 {[%emt 0:00:10]}
Rxe3 {[%emt 0:00:03]} 28. Rd7 {[%emt 0:00:01]} Re2 {[%emt 0:00:06]} 29. Rfxf7+
{[%emt 0:00:06]} Kh6 {[%emt 0:00:05]} 30. h4 {[%emt 0:00:04]} Rxb2 {[%emt 0:00:
04]} 31. Rxh7# {[%emt 0:00:02] (Lag: Av=6.05s, max=116.0s)} 1-0

[Event "T-Director's Swiss sytem"]
[Site "playchess.com #662980"]
[Date "2014.03.16"]
[Round "2"]
[White "Hakem III"]
[Black "Penquins"]
[Result "0-1"]
[WhiteElo "1750"]
[BlackElo "2119"]
[PlyCount "36"]
[EventDate "2014.03.16"]
[EventType "swiss (blitz)"]

1. d4 {[%emt 0:00:01]} Nf6 {[%emt 0:00:12]} 2. c4 {[%emt 0:00:03]} g6 {[%emt 0:
00:04]} 3. Nc3 {[%emt 0:00:02]} d5 {[%emt 0:00:02]} 4. Nf3 {[%emt 0:00:01]} Bg7
{[%emt 0:00:02]} 5. Bg5 {[%emt 0:00:01]} Ne4 {[%emt 0:00:02]} 6. Bh4 {[%emt 0:
00:01]} Nxc3 {[%emt 0:00:02]} 7. bxc3 {[%emt 0:00:00]} O-O {[%emt 0:00:02]} 8.
cxd5 {[%emt 0:00:03]} Qxd5 {[%emt 0:00:12]} 9. Bxe7 {[%emt 0:00:02]} Re8 {
[%emt 0:00:01]} 10. Ba3 {[%emt 0:00:01]} Qa5 {[%emt 0:00:26]} 11. Bb4 {[%emt 0:
00:03]} Qb6 {[%emt 0:00:30]} 12. e3 {[%emt 0:00:11]} Na6 {[%emt 0:00:08]} 13.
Bxa6 {[%emt 0:02:05]} Qxa6 {[%emt 0:00:00]} 14. Qd2 {[%emt 0:00:01]} Be6 {
[%emt 0:00:18]} 15. Ng5 {[%emt 0:01:28]} Bd5 {[%emt 0:00:48]} 16. f3 {[%emt 0:
00:02]} Bh6 {[%emt 0:00:31]} 17. Ne4 {[%emt 0:01:26]} Bxe4 {[%emt 0:00:46] '}
18. fxe4 {[%emt 0:00:01]} Rxe4 {[%emt 0:00:00] Tiempo} 0-1

[Event "T-Director's Swiss sytem"]
[Site "playchess.com #662980"]
[Date "2014.03.16"]
[Round "6"]
[White "Handichess"]
[Black "Arash Roghani"]
[Result "1-0"]
[WhiteElo "1634"]
[BlackElo "1962"]
[PlyCount "27"]
[EventDate "2014.03.16"]
[EventType "swiss (blitz)"]

1. e4 {[%emt 0:00:25]} e6 {[%emt 0:00:06]} 2. d4 {[%emt 0:00:06]} d5 {[%emt 0:
00:06]} 3. Nd2 {[%emt 0:00:02]} Nf6 {[%emt 0:00:03]} 4. Bd3 {[%emt 0:00:08]} c5
{[%emt 0:00:07]} 5. c3 {[%emt 0:00:03]} Nc6 {[%emt 0:00:04]} 6. exd5 {[%emt 0:
00:09]} Nxd5 {[%emt 0:00:16]} 7. Ngf3 {[%emt 0:00:17]} cxd4 {[%emt 0:00:05]} 8.
Nxd4 {[%emt 0:00:04]} Nxd4 {[%emt 0:00:03]} 9. cxd4 {[%emt 0:00:29]} Bd6 {
[%emt 0:00:03]} 10. O-O {[%emt 0:00:11]} O-O {[%emt 0:00:03]} 11. Ne4 {[%emt 0:
00:13]} Bc7 {[%emt 0:00:05]} 12. Qh5 {[%emt 0:00:07]} Nf6 {[%emt 0:00:04]} 13.
Nxf6+ {[%emt 0:00:04]} Qxf6 {[%emt 0:00:11]} 14. Qxh7# {[%emt 0:00:06]} 1-0

[Event "T-Director's Swiss sytem"]
[Site "playchess.com #662980"]
[Date "2014.03.16"]
[Round "3"]
[White "Handichess"]
[Black "BDGfan"]
[Result "1-0"]
[WhiteElo "1633"]
[BlackElo "1160"]
[PlyCount "33"]
[EventDate "2014.03.16"]
[EventType "swiss (blitz)"]

1. e4 {[%emt 0:00:02]} e5 {[%emt 0:00:01]} 2. Nf3 {[%emt 0:00:05]} Nc6 {[%emt
0:00:02]} 3. Bc4 {[%emt 0:00:08]} Nf6 {[%emt 0:00:03]} 4. d3 {[%emt 0:00:02]}
Bc5 {[%emt 0:00:04]} 5. O-O {[%emt 0:00:03]} O-O {[%emt 0:00:01]} 6. Bg5 {
[%emt 0:00:02]} h6 {[%emt 0:00:03]} 7. Bh4 {[%emt 0:00:03]} Nd4 {[%emt 0:00:04]
} 8. Nxe5 {[%emt 0:00:08]} d5 {[%emt 0:00:12]} 9. exd5 {[%emt 0:00:11]} Qd6 {
[%emt 0:00:12]} 10. c3 {[%emt 0:00:16]} Bg4 {[%emt 0:00:06]} 11. Nxg4 {[%emt 0:
00:19]} Nxg4 {[%emt 0:00:02]} 12. Bg3 {[%emt 0:00:10]} Qf6 {[%emt 0:00:29]} 13.
cxd4 {[%emt 0:00:17]} Bxd4 {[%emt 0:00:02]} 14. Nc3 {[%emt 0:00:11]} Rfe8 {
[%emt 0:00:09]} 15. Qxg4 {[%emt 0:00:05]} Bxc3 {[%emt 0:00:06]} 16. bxc3 {
[%emt 0:00:06]} Qxc3 {[%emt 0:00:01]} 17. Rac1 {[%emt 0:00:12] BDGfan gibt auf}
1-0

[Event "T-Director's Swiss sytem"]
[Site "playchess.com #662980"]
[Date "2014.03.16"]
[Round "4"]
[White "Handichess"]
[Black "Seewald"]
[Result "0-1"]
[WhiteElo "1636"]
[BlackElo "1715"]
[PlyCount "72"]
[EventDate "2014.03.16"]
[EventType "swiss (blitz)"]

1. e4 {[%emt 0:00:04]} Nc6 {[%emt 0:00:00]} 2. Nf3 {[%emt 0:00:06]} e5 {[%emt
0:00:00]} 3. Bc4 {[%emt 0:00:09]} Bc5 {[%emt 0:00:04]} 4. O-O {[%emt 0:00:03]}
d6 {[%emt 0:00:01]} 5. Nc3 {[%emt 0:00:03]} Bg4 {[%emt 0:00:01]} 6. Be2 {[%emt
0:00:12]} h5 {[%emt 0:00:04]} 7. a3 {[%emt 0:00:10]} a6 {[%emt 0:00:09]} 8. b4
{[%emt 0:00:04]} Ba7 {[%emt 0:00:01]} 9. d3 {[%emt 0:00:20]} Nd4 {[%emt 0:00:
21]} 10. Nd5 {[%emt 0:00:38]} c6 {[%emt 0:00:06]} 11. Ne3 {[%emt 0:00:02]} Nf6
{[%emt 0:00:20]} 12. c3 {[%emt 0:00:03]} Nxe2+ {[%emt 0:00:06]} 13. Qxe2 {
[%emt 0:00:05]} Qe7 {[%emt 0:00:02]} 14. Nf5 {[%emt 0:00:11]} Bxf5 {[%emt 0:00:
02]} 15. exf5 {[%emt 0:00:01]} Qd7 {[%emt 0:00:16]} 16. Bg5 {[%emt 0:00:04]}
Qxf5 {[%emt 0:00:01]} 17. Rfe1 {[%emt 0:00:40]} O-O {[%emt 0:00:43]} 18. Bxf6 {
[%emt 0:00:26]} Qxf6 {[%emt 0:00:02]} 19. Nd2 {[%emt 0:00:01]} Qg6 {[%emt 0:00:
09]} 20. Ne4 {[%emt 0:00:04]} f5 {[%emt 0:00:08]} 21. Ng3 {[%emt 0:00:09]} h4 {
[%emt 0:00:02]} 22. Qh5 {[%emt 0:00:23]} Qxh5 {[%emt 0:00:20]} 23. Nxh5 {[%emt
0:00:02]} g6 {[%emt 0:00:01]} 24. d4 {[%emt 0:00:34]} gxh5 {[%emt 0:00:04]} 25.
dxe5 {[%emt 0:00:01]} d5 {[%emt 0:00:13]} 26. e6 {[%emt 0:00:05]} Rae8 {[%emt
0:00:02]} 27. Re5 {[%emt 0:00:05]} Rf6 {[%emt 0:00:04]} 28. Rae1 {[%emt 0:00:
04]} Bb8 {[%emt 0:00:02]} 29. R5e2 {[%emt 0:00:03]} Kf8 {[%emt 0:00:03]} 30. g3
{[%emt 0:00:05]} hxg3 {[%emt 0:00:05]} 31. hxg3 {[%emt 0:00:05]} Ke7 {[%emt 0:
00:00]} 32. Kg2 {[%emt 0:00:07]} Kd6 {[%emt 0:00:01]} 33. Kh3 {[%emt 0:00:13]}
Rexe6 {[%emt 0:00:01]} 34. Rxe6+ {[%emt 0:00:04]} Rxe6 {[%emt 0:00:00]} 35.
Rxe6+ {[%emt 0:00:02]} Kxe6 {[%emt 0:00:00]} 36. Kh4 {[%emt 0:00:02]} Be5 {
[%emt 0:00:01] Handichess abandonne  (Lag: Av=0.33s, max=3.9s)} 0-1

[Event "T-Director's Swiss sytem"]
[Site "playchess.com #662980"]
[Date "2014.03.16"]
[Round "8"]
[White "Henrid"]
[Black "Jobito"]
[Result "1-0"]
[WhiteElo "1485"]
[BlackElo "1564"]
[PlyCount "43"]
[EventDate "2014.03.16"]
[EventType "swiss (blitz)"]

1. d4 {[%emt 0:00:02]} Nf6 {[%emt 0:00:02]} 2. c4 {[%emt 0:00:02]} d5 {[%emt 0:
00:02]} 3. Nc3 {[%emt 0:00:03]} e6 {[%emt 0:00:03]} 4. Nf3 {[%emt 0:00:02]} c6
{[%emt 0:00:01]} 5. Bf4 {[%emt 0:00:09]} Bd6 {[%emt 0:00:02]} 6. Bg5 {[%emt 0:
00:01]} h6 {[%emt 0:00:02]} 7. Bh4 {[%emt 0:00:05]} g5 {[%emt 0:00:02]} 8. Bg3
{[%emt 0:00:01]} Bxg3 {[%emt 0:00:02]} 9. hxg3 {[%emt 0:00:02]} Ng8 {[%emt 0:
00:06]} 10. e3 {[%emt 0:00:09]} Qb6 {[%emt 0:00:04]} 11. b3 {[%emt 0:00:16]}
Nd7 {[%emt 0:00:03]} 12. Bd3 {[%emt 0:00:09]} Qb4 {[%emt 0:00:02]} 13. Qc2 {
[%emt 0:00:02]} a5 {[%emt 0:00:02]} 14. O-O {[%emt 0:00:02]} f5 {[%emt 0:00:04]
} 15. cxd5 {[%emt 0:00:21]} cxd5 {[%emt 0:00:04]} 16. Nb5 {[%emt 0:00:14]} Ke7
{[%emt 0:00:07]} 17. Qc7 {[%emt 0:00:17]} Ngf6 {[%emt 0:00:07]} 18. Ne5 {[%emt
0:00:12]} Rh7 {[%emt 0:00:13]} 19. Rfc1 {[%emt 0:00:23]} Ne4 {[%emt 0:00:04]}
20. Ng6+ {[%emt 0:00:46]} Kf6 {[%emt 0:00:12]} 21. Ne5 {[%emt 0:00:07]} h5 {
[%emt 0:00:34] Henrid reconnected.} 22. Qd8+ {[%emt 0:00:24] Henrid claims
flag (automatic).  (Lag: Av=3.77s, max=18.8s)} 1-0

[Event "T-Director's Swiss sytem"]
[Site "playchess.com #662980"]
[Date "2014.03.16"]
[Round "7"]
[White "Henrid"]
[Black "vachefolle"]
[Result "0-1"]
[WhiteElo "1500"]
[BlackElo "1554"]
[PlyCount "84"]
[EventDate "2014.03.16"]
[EventType "swiss (blitz)"]

1. Nf3 {[%emt 0:00:10]} d5 {[%emt 0:00:02]} 2. d4 {[%emt 0:00:02]} Bf5 {[%emt
0:00:02]} 3. g3 {[%emt 0:00:03]} e6 {[%emt 0:00:01]} 4. Bg2 {[%emt 0:00:01]}
Bd6 {[%emt 0:00:04]} 5. O-O {[%emt 0:00:02]} Nf6 {[%emt 0:00:04]} 6. b3 {[%emt
0:00:02]} h6 {[%emt 0:00:03]} 7. Bb2 {[%emt 0:00:02]} O-O {[%emt 0:00:02]} 8.
Nbd2 {[%emt 0:00:01]} Nbd7 {[%emt 0:00:05]} 9. c4 {[%emt 0:00:02]} c6 {[%emt 0:
00:02]} 10. Rc1 {[%emt 0:00:04]} Rc8 {[%emt 0:00:03]} 11. c5 {[%emt 0:00:35]}
Bb8 {[%emt 0:00:03]} 12. b4 {[%emt 0:00:03]} Ne4 {[%emt 0:00:04]} 13. Nh4 {
[%emt 0:00:15]} Bh7 {[%emt 0:00:22]} 14. Nxe4 {[%emt 0:00:12]} dxe4 {[%emt 0:
00:05]} 15. Bh1 {[%emt 0:00:28]} g5 {[%emt 0:00:11]} 16. Ng2 {[%emt 0:00:02]}
f5 {[%emt 0:00:12]} 17. Qb3 {[%emt 0:00:06]} Qe7 {[%emt 0:00:08]} 18. Ne3 {
[%emt 0:00:51]} Nf6 {[%emt 0:00:06]} 19. Rcd1 {[%emt 0:00:25]} f4 {[%emt 0:00:
02]} 20. Nc4 {[%emt 0:00:02]} Nd5 {[%emt 0:00:20]} 21. e3 {[%emt 0:00:21]} f3 {
[%emt 0:00:08]} 22. Ne5 {[%emt 0:00:11]} Qg7 {[%emt 0:00:30]} 23. a4 {[%emt 0:
00:14]} Bxe5 {[%emt 0:00:05]} 24. dxe5 {[%emt 0:00:07]} Bf5 {[%emt 0:00:03]}
25. Rd2 {[%emt 0:00:05]} Qf7 {[%emt 0:00:12]} 26. Rfd1 {[%emt 0:00:06]} Rcd8 {
[%emt 0:00:17]} 27. b5 {[%emt 0:00:05]} h5 {[%emt 0:00:14]} 28. b6 {[%emt 0:00:
29]} a6 {[%emt 0:00:03]} 29. a5 {[%emt 0:00:02]} Bh3 {[%emt 0:00:55] '} 30. Qc2
{[%emt 0:00:12]} Qf5 {[%emt 0:00:04]} 31. Bd4 {[%emt 0:00:09]} Rd7 {[%emt 0:00:
03]} 32. Qb3 {[%emt 0:00:16]} Rg7 {[%emt 0:00:02]} 33. Qc2 {[%emt 0:00:07]} Rg6
{[%emt 0:00:05]} 34. Qb3 {[%emt 0:00:13]} Rf7 {[%emt 0:00:02]} 35. Ba1 {[%emt
0:00:02]} Rh7 {[%emt 0:00:02]} 36. Rxd5 {[%emt 0:00:01]} exd5 {[%emt 0:00:02]}
37. Rxd5 {[%emt 0:00:01]} cxd5 {[%emt 0:00:02]} 38. Qxd5+ {[%emt 0:00:01]} Qe6
{[%emt 0:00:01]} 39. Qd8+ {[%emt 0:00:02]} Kg7 {[%emt 0:00:04]} 40. Qc7+ {
[%emt 0:00:02]} Kh6 {[%emt 0:00:04]} 41. Qd8 {[%emt 0:00:02]} Qd7 {[%emt 0:00:
03]} 42. Qb8 {[%emt 0:00:02]} Qd1# {[%emt 0:00:05]} 0-1

[Event "T-Director's Swiss sytem"]
[Site "playchess.com #662980"]
[Date "2014.03.16"]
[Round "2"]
[White "Hermann53"]
[Black "Bloody Ghost"]
[Result "1/2-1/2"]
[WhiteElo "852"]
[BlackElo "1674"]
[PlyCount "74"]
[EventDate "2014.03.16"]
[EventType "swiss (blitz)"]

1. e4 {[%emt 0:00:01]} d6 {[%emt 0:00:03]} 2. Bc4 {[%emt 0:00:06]} Nf6 {[%emt
0:00:02]} 3. Nf3 {[%emt 0:00:03]} Bg4 {[%emt 0:00:05]} 4. h3 {[%emt 0:00:02]}
Bxf3 {[%emt 0:00:02]} 5. Qxf3 {[%emt 0:00:03]} Nbd7 {[%emt 0:00:01]} 6. Qb3 {
[%emt 0:00:02]} Ne5 {[%emt 0:00:04]} 7. Bxf7+ {[%emt 0:00:06]} Nxf7 {[%emt 0:
00:02]} 8. Qxb7 {[%emt 0:00:00]} Rb8 {[%emt 0:00:02]} 9. Qxa7 {[%emt 0:00:02]}
Nxe4 {[%emt 0:00:04]} 10. O-O {[%emt 0:00:03]} e5 {[%emt 0:00:02]} 11. d3 {
[%emt 0:00:00]} Nf6 {[%emt 0:00:02]} 12. Nc3 {[%emt 0:00:06]} Be7 {[%emt 0:00:
01]} 13. Ne4 {[%emt 0:00:08]} Nxe4 {[%emt 0:00:02]} 14. dxe4 {[%emt 0:00:02]}
O-O {[%emt 0:00:01]} 15. Be3 {[%emt 0:00:17]} Rxb2 {[%emt 0:00:04]} 16. f4 {
[%emt 0:00:02]} exf4 {[%emt 0:00:05]} 17. Bxf4 {[%emt 0:00:02]} Rxc2 {[%emt 0:
00:06]} 18. Qd4 {[%emt 0:00:08]} Bf6 {[%emt 0:00:08]} 19. e5 {[%emt 0:00:04]}
dxe5 {[%emt 0:00:06]} 20. Qe4 {[%emt 0:00:10]} Qd4+ {[%emt 0:00:07]} 21. Qxd4 {
[%emt 0:00:31] Bloody Ghost reconnected.} exd4 {[%emt 0:00:06]} 22. Bxc7 {
[%emt 0:00:02]} Rxc7 {[%emt 0:00:05]} 23. Rf4 {[%emt 0:00:03]} d3 {[%emt 0:00:
02]} 24. Rd1 {[%emt 0:00:03]} Rd8 {[%emt 0:00:04]} 25. Kf2 {[%emt 0:00:15]}
Rc2+ {[%emt 0:00:03]} 26. Ke3 {[%emt 0:00:02]} Bg5 {[%emt 0:00:04]} 27. Rxd3 {
[%emt 0:00:08]} Bxf4+ {[%emt 0:00:02]} 28. Ke4 {[%emt 0:00:05]} Ng5+ {[%emt 0:
00:08]} 29. Kxf4 {[%emt 0:00:03]} Rxd3 {[%emt 0:00:03]} 30. Kxg5 {[%emt 0:00:
02]} Rxg2+ {[%emt 0:00:00]} 31. Kf4 {[%emt 0:00:03]} Rxa2 {[%emt 0:00:00]} 32.
Ke4 {[%emt 0:00:03]} Rxh3 {[%emt 0:00:00]} 33. Ke5 {[%emt 0:00:04]} Rha3 {
[%emt 0:00:00]} 34. Ke6 {[%emt 0:00:03]} g6 {[%emt 0:00:00]} 35. Kf6 {[%emt 0:
00:02]} Ra6+ {[%emt 0:00:00]} 36. Kg5 {[%emt 0:00:01]} R2a5+ {[%emt 0:00:00]}
37. Kh6 {[%emt 0:00:03]} Rf6 {[%emt 0:00:00]} 1/2-1/2

[Event "T-Director's Swiss sytem"]
[Site "playchess.com #662980"]
[Date "2014.03.16"]
[Round "1"]
[White "Hmamouche"]
[Black "Cholzan"]
[Result "0-1"]
[WhiteElo "1660"]
[BlackElo "2330"]
[PlyCount "76"]
[EventDate "2014.03.16"]
[EventType "swiss (blitz)"]

1. d4 {[%emt 0:00:02]} e6 {[%emt 0:00:01]} 2. Nf3 {[%emt 0:00:02]} Nf6 {[%emt
0:00:02]} 3. c4 {[%emt 0:00:01]} c5 {[%emt 0:00:01]} 4. e3 {[%emt 0:00:02]}
cxd4 {[%emt 0:00:02]} 5. exd4 {[%emt 0:00:01]} d5 {[%emt 0:00:01]} 6. Nc3 {
[%emt 0:00:03]} Bb4 {[%emt 0:00:01]} 7. Be2 {[%emt 0:00:02]} O-O {[%emt 0:00:
01]} 8. O-O {[%emt 0:00:01]} Nc6 {[%emt 0:00:02]} 9. a3 {[%emt 0:00:04]} Bxc3 {
[%emt 0:00:01]} 10. bxc3 {[%emt 0:00:01]} dxc4 {[%emt 0:00:01]} 11. Bxc4 {
[%emt 0:00:01]} Na5 {[%emt 0:00:01]} 12. Bd3 {[%emt 0:00:01]} h6 {[%emt 0:00:
04]} 13. Ne5 {[%emt 0:00:09]} b6 {[%emt 0:00:08]} 14. a4 {[%emt 0:00:01]} Bb7 {
[%emt 0:00:05]} 15. Qe1 {[%emt 0:00:37]} Qd5 {[%emt 0:00:09]} 16. f3 {[%emt 0:
00:03]} Rac8 {[%emt 0:00:08]} 17. Qg3 {[%emt 0:00:12]} Rxc3 {[%emt 0:00:39]}
18. Bxh6 {[%emt 0:00:02]} Qxd4+ {[%emt 0:00:04]} 19. Kh1 {[%emt 0:00:08]} Nh5 {
[%emt 0:00:01]} 20. Qg5 {[%emt 0:00:08]} Rxd3 {[%emt 0:00:05]} 21. Qxh5 {[%emt
0:00:26]} gxh6 {[%emt 0:00:43]} 22. Rae1 {[%emt 0:00:04]} Re3 {[%emt 0:00:27]}
23. Qxh6 {[%emt 0:00:36]} Rxe5 {[%emt 0:00:09]} 24. Rd1 {[%emt 0:00:10]} Qe3 {
[%emt 0:00:10]} 25. Qh3 {[%emt 0:00:06]} Rg5 {[%emt 0:00:06]} 26. Rde1 {[%emt
0:00:04]} Qd3 {[%emt 0:00:07]} 27. Qh4 {[%emt 0:00:04]} Qg6 {[%emt 0:00:11]}
28. Qh3 {[%emt 0:00:04]} Kg7 {[%emt 0:00:04]} 29. Qh4 {[%emt 0:00:10]} Rh8 {
[%emt 0:00:10]} 30. Qd4+ {[%emt 0:00:03]} Qf6 {[%emt 0:00:01]} 31. Qd2 {[%emt
0:00:26]} Rgh5 {[%emt 0:00:14]} 32. h3 {[%emt 0:00:10]} Qf5 {[%emt 0:00:03]}
33. Rf2 {[%emt 0:00:07]} Rxh3+ {[%emt 0:00:29]} 34. gxh3 {[%emt 0:00:01]} Qxh3+
{[%emt 0:00:01]} 35. Rh2 {[%emt 0:00:01]} Bxf3+ {[%emt 0:00:05]} 36. Kg1 {
[%emt 0:00:01]} Qg3+ {[%emt 0:00:01]} 37. Kf1 {[%emt 0:00:02]} Rxh2 {[%emt 0:
00:04]} 38. Qd4+ {[%emt 0:00:03]} e5 {[%emt 0:00:04] Hmamouche abandonne} 0-1